Fathers of Fields - Statistics

General Stats
  • This quiz has been taken 809 times
    465 since last reset
  • The average score is 9 of 17
Answer Stats
Hint Answer % Correct
Relativity Albert Einstein
99%
Evolution Charles Darwin
96%
Telephone Alexander Graham Bell
95%
Psychoanalysis Sigmund Freud
83%
Classical Mechanics Isaac Newton
73%
Atom Bomb J. Robert Oppenheimer
69%
Geometry Euclid
68%
Modern Physics Galileo Galilei
61%
Modern Astronomy Nicolaus Copernicus
47%
Bacteriology Louis Pasteur
43%
Numbers Pythagoras
42%
English Literature Geoffrey Chaucer
38%
Western Medicine Hippocrates
35%
Biology Aristotle
33%
Mathematics Archimedes
32%
Nuclear Physics Ernest Rutherford
26%
Architecture Imhotep
10%
No matching quizzes found
Score Distribution
Percent of People with Each Score
Percentile by Number Answered
Your Score History
You have not taken this quiz since the last reset